Keramikárka Eva Krystynová

Bibliographic Details
Main Author: Lacková, Dana, 1950- (Author)
Format: Article
Language:Slovak
ISSN:1335-7026
Subjects:
Online Access:http://www.snk.sk/images/snk/casopis_kniznica/2004/jul/377.pdf

MARC

LEADER 00000nab a2200000 a 4500
001 vtls000883720
003 SK-MaSNL
005 20260304105226.0
008 250429c2004 xo 0 slo
015 |a SNBRB2004/09-25831 
035 |a CLN000235190 
035 |a urn:nbn:sk:snk-abbxoq 
035 |a (urnnbn)urn:nbn:sk:snk:ar-000p3p 
035 |a (uuid)47c39b7e-9062-4ce3-804f-e92ad7032824 
040 |a SNKBUCL  |b slo  |c SNKBUCL  |e AACR2 
041 0 |a slo 
044 |a xo  |c SK 
080 |a 738-051  |2 1997 
080 |a 929 Krystynová, Eva  |2 1997 
100 1 |a Lacková, Dana,  |d 1950-  |4 aut  |9 330034 
245 1 0 |a Keramikárka Eva Krystynová  |c Dana Lacková 
600 1 7 |a Krystynová, Eva,  |d 1922-1987  |2 snkbucl  |9 28181 
655 7 |a články z novín a časopisov  |2 snkbucl  |9 267496 
773 0 |t Knižnica  |g Roč. 5, č. 7 (2004), s. 377  |x 1335-7026 
850 |a Slovenská národná knižnica 
852 |a Slovenská národná knižnica 
856 4 1 |u http://www.snk.sk/images/snk/casopis_kniznica/2004/jul/377.pdf 
954 |a odborná, vedecká literatúra pôvodná (slovenská)  |2 lita 
958 |a article15 
958 |a OND 
958 |a BX 
958 |a EUIPO 
992 |a RBX 
999 |c 2854839  |d 2856769